000 01201 a2200265 4500
003 BJBSDDR
005 20250707103401.0
007 ta
008 250523s2013 mnu 00| 0 eng d
020 _a9780314279545
020 _a0314279547
040 _beng
_cDLC
041 _aeng
050 1 4 _aKF 801
_bT531d 2013
100 1 _aThreedy, Debora L
_942231
245 1 0 _aDeveloping professional skills :
_bcontracts /
_cDebora L. Threedy, Adam H. Miller.
260 _aSt. Paul, MN :
_bWest Academic Publishing,
_c2013.
300 _ax, 121 pages :
_billustrations ;
_c25 cm.
505 0 _aPrerequisites for a contract Reliance on a promise Whether a writing is necessary Public policy constraints on private agreements Representations and misrepresentations The admissibility of extrinsic evidence Conditions v. covenants Mutual mistake Form contracts & contracts of adhesion Capstone exercise
520 _aContains ten exercises designed to develop student skills in legal drafting, client interviewing and counseling, negotiation and advocacy.
650 4 _aContratos
_96767
_zEstados Unidos
700 1 _aMiller, Adam H.,
_d1965-
_942232
942 _2lcc
_cBK
946 _irmza
999 _c123569
_d123569